000 00328nam a2200133Ia 4500
005 20260328104325.0
008 260328s9999||||xx |||||||||||||| ||und||
100 _aBécet, Marie
245 0 _aVézelay :
_b Couverture de Jean Roubier /
_cMarie Bécet
260 _bAlpina
300 _a63 p.
650 _aENSAYOS
942 _cBK
999 _c11487
_d11487